| 000 | 00667nam a2200241Ia 4500 | ||
|---|---|---|---|
| 003 | OSt | ||
| 005 | 20220924133529.0 | ||
| 006 | a|||||r|||| 00| 0 | ||
| 007 | ta | ||
| 008 | 220923b |||||||| |||| 00| 0 guj d | ||
| 024 | _a266663 | ||
| 037 | _cTextual | ||
| 040 |
_aARTS _cARTS _bguj |
||
| 041 |
_2guj _aguj |
||
| 082 | _aO156(Delta73):g, M8 | ||
| 100 |
_aThakkar Dashrathbhai Prabhudas _9206722 |
||
| 245 | 0 | _aGujarati sahityaman sufi rahasyavad | |
| 260 | _c1988 | ||
| 300 |
_a792p. _ccm. |
||
| 650 | _aGUJRATI LITERATURE | ||
| 942 |
_hO156(Delta73):g, M8 _cTEXL _2CC |
||
| 999 |
_c434178 _d434178 |
||